000 00455nam a2200169Ia 4500
003 LK-CoDNM
008 010623t1817 xxu||||| |||| 00| 1 eng d
040 _aLK-CoDNM
_dLK-CoDNM
_eLK-CoDNM
041 _aeng
080 _a398.3
_bTHE
100 _aJohn
245 _aThe Raw and the Cooked : Introduction to a Science of Mythology 1
260 _bHarper Row
_aNew York
_c1817
300 _b387p, 23 cm
700 _aWeightman , Doreen
_etr.
942 _cBK
999 _c80971
_d80971